Govt. of
Madhya Pradesh

कौटिल्‍य - अर्थशास्‍त्र में प्रतिपादित रसायन, धातू एवं धातु - कर्म : एक विमर्श (Record no. 53926)

MARC details
000 -LEADER
fixed length control field 00692nam a22001697a 4500
003 - CONTROL NUMBER IDENTIFIER
control field MACL
005 - DATE AND TIME OF LATEST TRANSACTION
control field 20160507163139.0
008 - FIXED-LENGTH DATA ELEMENTS--GENERAL INFORMATION
fixed length control field 160507b xxu||||| |||| 00| 0 eng d
040 ## - CATALOGING SOURCE
Transcribing agency MACL
041 ## - LANGUAGE CODE
Language code of text/sound track or separate title Hindi
082 ## - DEWEY DECIMAL CLASSIFICATION NUMBER
Classification number 330
100 ## - MAIN ENTRY--PERSONAL NAME
Personal name दूबे, राजदेव
9 (RLIN) 49698
245 ## - TITLE STATEMENT
Title कौटिल्‍य - अर्थशास्‍त्र में प्रतिपादित रसायन, धातू एवं धातु - कर्म : एक विमर्श
Statement of responsibility, etc. राजदेव दूबे
260 ## - PUBLICATION, DISTRIBUTION, ETC. (IMPRINT)
Place of publication, distribution, etc. वाराणसी
Name of publisher, distributor, etc. कला प्रकाशन
Date of publication, distribution, etc. 2010
650 ## - SUBJECT ADDED ENTRY--TOPICAL TERM
Topical term or geographic name as entry element अर्थ शास्‍त्र
9 (RLIN) 36349
942 ## - ADDED ENTRY ELEMENTS (KOHA)
Source of classification or shelving scheme
Koha item type Hindi Books

No items available.